[Event "POL-chT 2nd League-3 2020"]
[Site "Poronin"]
[Date "2020.09.10"]
[Round "6.1"]
[White "Piesik, Piotr"]
[Black "Sieciechowicz, Marcin"]
[Result "0-1"]
[WhiteElo "2418"]
[BlackElo "2382"]
[Annotator "TA"]
[PlyCount "114"]
[EventDate "2020.09.05"]
[EventType "team-tourn"]
[EventCountry "POL"]
[SourceTitle "playchess.com"]
[Source "ChessBase"]
[SourceQuality "1"]

{[%evp 17,114,16,23,-18,-16,-22,-16,-10,-11,0,17,14,20,16,15,5,5,5,18,0,0,0,0,0,4,0,6,6,17,0,0,-28,-30,-40,-4,-4,-8,-11,-4,-4,-8,-208,-200,-238,-199,-266,-246,-321,-296,-374,-371,-586,-533,-539,-537,-1504,-1546,-1175,-626,-626,-618,-610,-608,-29953,-29956,-29961,-29962,-29962,-29963,-29963,-29964,-29962,-29965,-29965,-29966,-29966,-29963,-29967,-29968,-29968,-29969,-29969,-29969,-29970,-29971,-29968,-29972,-29972,-29972,-29973,-29972,-29977,-29977,-29982,-29983,-29983,-29984,-29984,-29985]} 1. d4 Nf6 2. c4 g6 3. Nc3 d5 4. Nf3 Bg7 5. Bf4 O-O 6. Rc1 c6 7. e3 Bg4 8. h3 Bxf3 9. Qxf3 Qa5 {[#]} 10. cxd5 $146 {D93: Grünfeld: 4 Nf3 Bg7 5 Bf4 0-0 6 e3.} (10. Be2 {with more complications.} dxc4 11. Bxc4 Nbd7 12. O-O e5 13. Bh2) ({Predecessor:} 10. Bd3 Nbd7 11. O-O Rac8 12. Rfd1 a6 13. a3 Rfe8 14. Bh2 e6 15. Bf1 b5 16. cxd5 cxd5 17. g4 Nb6 {½-½ (39) Kasimdzhanov,R (2695)-Mamedyarov,S (2725) Nalchik 2009}) 10... Nxd5 11. Bc4 {[%cal Rc4d5]} Nxf4 12. Qxf4 {The position is equal.} e5 13. dxe5 Qxe5 14. Qxe5 Bxe5 15. Ke2 Nd7 16. Rhd1 Nb6 17. Bb3 Rfe8 18. Rd2 Kg7 19. Rcd1 Re7 20. Kf3 a5 {And now ...a4 would win.} 21. a4 Bxc3 (21... f5 {is more complex.} 22. h4 Rc8 23. h5 gxh5 24. Ne2 Rcc7) 22. bxc3 Rc8 23. Rd4 Rcc7 24. e4 Nd7 25. Ke3 Nc5 26. Bc2 f5 27. f4 Nxe4 28. Bxe4 b5 $36 {[%cal Bb7b5,Bb5a4,Ba4a3][%mdl 2080] aiming for ...c5. Black has good play.} 29. Rb1 $2 {White does not recover from this.} (29. Kd3 $11 {and White stays safe.} c5 30. Rd5 fxe4+ 31. Ke3) 29... c5 $19 ({Worse is} 29... fxe4 30. Rxe4 Kf6 31. g4 $11) 30. Rd5 {Strongly threatening Re5.} Rxe4+ {[%mdl 4160] [#] Endgame Double Attack. KRR-KRR} 31. Kf3 (31. Kd3 {was called for.} b4 32. Rf1) 31... bxa4 32. g4 Rc4 33. gxf5 Rxc3+ 34. Kg4 (34. Ke4 $142 a3 35. fxg6) 34... a3 35. fxg6 hxg6 36. Rb5 a4 37. Ra5 Rc4 38. Rd3 Rb4 39. Rxa3 {[#]} c4 $1 40. R5xa4 Rxa4 {Black mates.} 41. Rxa4 {KR-KR} c3 42. Ra1 c2 43. Rc1 Kf6 44. Kf3 Kf5 45. Ke3 Rc8 46. h4 Rc7 47. Kf3 Rc3+ 48. Ke2 Kxf4 49. Kd2 Rc5 50. Rf1+ Kg4 51. Kc1 Kxh4 52. Rh1+ Kg5 53. Rg1+ Kf6 54. Rg2 g5 55. Rxc2 Rxc2+ 56. Kxc2 Ke5 57. Kd2 Kf4 {Accuracy: White = 60%, Black = 93%.} 0-1

[Event "POL-chT 2nd League-3 2020"]
[Site "Poronin"]
[Date "2020.09.10"]
[Round "6.2"]
[White "Grela, Kacper"]
[Black "Wandzik, Wojciech"]
[Result "1/2-1/2"]
[WhiteElo "2377"]
[BlackElo "2422"]
[Annotator "TA"]
[PlyCount "59"]
[EventDate "2020.09.05"]
[EventType "team-tourn"]
[EventCountry "POL"]
[SourceTitle "playchess.com"]
[Source "ChessBase"]
[SourceQuality "1"]

{[%evp 17,59,12,14,25,16,0,20,-10,9,9,0,-6,-12,-13,-10,-29,-22,-37,-9,-6,0,0,0,0,23,0,0,0,0,0,0,0,0,-14,-8,-34,-34,-36,-35,-29,-29,-36,-36,-46]} 1. d4 Nf6 2. c4 e6 3. Nc3 Bb4 4. e3 O-O 5. Nge2 d5 6. a3 Be7 7. cxd5 exd5 8. Nf4 a5 9. Bd3 c6 10. O-O {E46: Nimzo-Indian: Rubinstein: 4 e3 0-0 5 Ne2 without early Bd3.} Na6 11. Bd2 Nc7 {[#]} 12. Rb1 $146 {The position is equal.} ({Predecessor:} 12. f3 Ne6 13. Nxe6 Bxe6 14. Ne2 Re8 15. Qc2 h6 16. Kh1 Qb6 17. Bc3 Nd7 18. Nf4 {1-0 (41) Sokolov,I (2584)-Medvegy,Z (2539) Mali Losinj 2019}) 12... Ne6 13. Nxe6 Bxe6 14. b4 axb4 15. axb4 b5 16. Ne2 Bd6 17. Nf4 Bxf4 18. exf4 Qd7 19. Qc2 {[#] Hoping for f5.} g6 20. Ra1 Rfc8 21. Rfc1 Rxa1 22. Rxa1 Ne8 23. Qc5 Nd6 24. Ra7 Rc7 25. Rxc7 Qxc7 26. f5 Bxf5 27. Bf4 Bxd3 28. Bxd6 Qd7 29. Be5 Qe6 30. Qd6 {Accuracy: White = 88%, Black = 94%.} 1/2-1/2

[Event "POL-chT 2nd League-3 2020"]
[Site "Poronin"]
[Date "2020.09.10"]
[Round "6.3"]
[White "Gola, Karol"]
[Black "Kowalak, Piotr"]
[Result "1/2-1/2"]
[WhiteElo "2192"]
[BlackElo "2105"]
[Annotator "TA"]
[PlyCount "20"]
[EventDate "2020.09.05"]
[EventType "team-tourn"]
[EventCountry "POL"]
[SourceTitle "playchess.com"]
[Source "ChessBase"]
[SourceQuality "1"]

{[%evp 11,20,16,21,10,10,12,18,9,11,-23,-13]} 1. e4 c5 2. c3 e6 3. Nf3 d5 4. exd5 exd5 5. d4 Nf6 6. Bg5 Be7 7. dxc5 {B22: Sicilian: 2 c3.} O-O 8. Be2 Bxc5 9. O-O Be6 {[#]} 10. Nd4 $146 ({Predecessor:} 10. Nbd2 Nc6 11. Nb3 Bb6 12. Nfd4 Rc8 13. Re1 a5 14. a4 Ne5 15. Nxe6 fxe6 16. Nd4 {½-½ (64) Yakushev,I (2080)-Aleshin,N (2263) Nalchik 2016}) 10... Nc6 {An uneventful encounter.} 1/2-1/2

[Event "POL-chT 2nd League-3 2020"]
[Site "Poronin"]
[Date "2020.09.10"]
[Round "6.4"]
[White "Madera, Mateusz"]
[Black "Flasinski, Michal"]
[Result "0-1"]
[WhiteElo "1945"]
[BlackElo "2205"]
[Annotator "TA"]
[PlyCount "92"]
[EventDate "2020.09.05"]
[EventType "team-tourn"]
[EventCountry "POL"]
[SourceTitle "playchess.com"]
[Source "ChessBase"]
[SourceQuality "1"]

{[%evp 24,92,11,18,16,0,29,16,24,7,15,0,0,0,0,0,0,-33,-28,-74,-73,-75,-64,-96,-56,-72,-57,-85,-48,-99,-69,-69,-72,-154,-148,-168,-168,-152,0,-501,-145,-153,-74,-65,-68,-109,-109,-131,-131,-131,-130,-134,-135,-143,-119,-121,-121,-127,-125,-117,-116,-149,-86,-141,-96,-96,-96,-104,-97,-608,-606]} 1. e4 c6 2. d4 d5 3. Nc3 dxe4 4. Nxe4 Nd7 5. Bc4 Ngf6 6. Ng5 e6 7. Qe2 Nb6 8. Bd3 h6 9. N5f3 c5 10. dxc5 Bxc5 11. Ne5 Nbd7 12. Ngf3 Qc7 13. O-O Bd6 {[%cal Rd7e5] B17: Caro-Kann: Modern Line (4...Nd7).} 14. Re1 O-O 15. c3 b6 {The position is equal.} 16. Bf4 {[#]} Nc5 $146 ({Predecessor:} 16... Bb7 17. Nxd7 Nxd7 18. Bxd6 Qxd6 19. Rad1 Qc7 20. Be4 Bxe4 21. Qxe4 Rad8 22. Nd4 Nc5 23. Qe2 Nd7 24. Rd2 Nf6 25. Red1 Qc5 26. Qb5 Rd5 27. Qxc5 {½-½ (27) Krajcovic,B (2143)-Mitura,V (2235) Karvina 2000}) 17. Bc2 Ba6 18. c4 Rad8 19. Rad1 Bb7 20. Bg3 Nce4 21. Rd4 {[%cal Rc2e4]} Nxg3 22. hxg3 Bc5 23. Rh4 Bb4 {White must now prevent ...Bxf3.} 24. Rc1 Be7 25. Rh3 Nh7 26. Ng6 (26. Rh5 $15) 26... Ng5 $36 {[%mdl 2048] Black fights for an advantage.} 27. Nxe7+ Qxe7 28. Nxg5 (28. Rh1 $142) 28... Qxg5 $17 29. f4 Qc5+ $1 30. Kh2 Qb4 $2 {[#]} ({Black should play} 30... Rd6 $17 {And now ...Rfd8 would win.} 31. Rh5 f5) 31. a3 $2 {[%mdl 8192]} (31. Rxh6 $1 $11 {[%mdl 512]} gxh6 32. Qg4+ Kh8 {[#]} 33. Qh5 $1 {[%mdl 512]}) 31... Qd2 $2 (31... Rd2 $19 {is more deadly.} 32. axb4 Rxe2) 32. Re1 Qxe2 (32... Rd4 $142 33. Rh4 Rfd8) 33. Rxe2 Rd4 34. b3 Rfd8 35. Rh5 f5 {...Rd2 is the strong threat.} 36. Kg1 ({Not} 36. Rxe6 $2 Rd2 $19) 36... Rd2 37. Kf2 {[#]} Bxg2 $1 {[%mdl 512]} 38. Rh2 (38. Kxg2 Rxe2+) 38... Rxe2+ 39. Kxe2 {[%mdl 4096] Endgame KRB-KRB} Bc6 40. Ke3 Kf7 41. b4 Kf6 42. Rf2 a5 (42... g6 $142 43. Rf1 e5) 43. Rf1 (43. Bd3 $142) 43... axb4 44. axb4 Ra8 45. Rd1 Ra3+ 46. Ke2 $2 {[%mdl 8192]} (46. Rd3 $17 Rxd3+ 47. Bxd3) 46... Bf3+ {[%mdl 64] Skewer. Accuracy: White = 55%, Black = 67%.} 0-1

[Event "POL-chT 2nd League-3 2020"]
[Site "Poronin"]
[Date "2020.09.10"]
[Round "6.5"]
[White "Szolc, Grzegorz"]
[Black "Krawiec, Grzegorz"]
[Result "1-0"]
[WhiteElo "2036"]
[BlackElo "1824"]
[Annotator "RC"]
[PlyCount "97"]
[EventDate "2020.09.05"]
[EventType "team-tourn"]
[EventCountry "POL"]
[SourceTitle "playchess.com"]
[Source "ChessBase"]
[SourceQuality "1"]
[TimeControl "40/5400+30:900+30"]

1. d4 {[%emt 0:00:00]} Nf6 {[%emt 0:00:03]} 2. Bf4 {[%emt 0:00:00]} c5 {[%emt 0:01:26]} 3. d5 {[%emt 0:02:47]} Qb6 {[%emt 0:02:18]} 4. Nc3 {[%emt 0:00:24]} Qxb2 {[%emt 0:04:32]} 5. Bd2 {[%emt 0:00:16]} Qb6 {[%emt 0:00:05]} 6. e4 {[%emt 0:00:35]} d6 {[%emt 0:00:04]} 7. Rb1 {[%emt 0:04:08]} Qc7 {[%emt 0:05:16]} 8. f4 {[%emt 0:07:30]} e6 {[%emt 0:02:25]} 9. dxe6 {[%emt 0:38:07]} Bxe6 {[%emt 0:18:43]} 10. Nf3 {[%emt 0:03:57]} Be7 {[%emt 0:01:55]} 11. f5 {[%emt 0:12:32]} Bd7 {[%emt 0:01:23]} 12. Bc4 {[%emt 0:00:55]} O-O {[%emt 0:01:03]} 13. O-O {[%emt 0:01:01]} Bc6 {[%emt 0:03:51]} 14. Re1 {[%emt 0:01:35]} a6 {[%emt 0:07:23]} 15. a4 {[%emt 0:01:23]} b6 {[%emt 0:00:27]} 16. Bf4 {[%emt 0:05:13]} Bb7 {[%emt 0:01:26]} 17. e5 {[%emt 0:07:16]} dxe5 {[%emt 0:02:41]} 18. Bxe5 {[%emt 0:00:21]} Qd8 {[%emt 0:00:38]} 19. Qxd8 {[%emt 0:00:47]} Bxd8 {[%emt 0:00:10]} 20. Bd6 {[%emt 0:00:30]} Re8 {[%emt 0:00:58]} 21. Ne5 {[%emt 0:02:03]} Rxe5 {[%emt 0:02:50]} 22. Bxe5 {[%emt 0:00:43]} Nbd7 {[%emt 0:00:27]} 23. Bd6 {[%emt 0:01:41]} h6 {[%emt 0:01:45]} 24. Be7 {[%emt 0:03:34]} Ne4 {[%emt 0:05:59]} 25. Nxe4 {[%emt 0:03:40]} Bxe7 {[%emt 0:00:06]} 26. Rbd1 {[%emt 0:00:25]} Ne5 {[%emt 0:00:49]} 27. Bd5 {[%emt 0:00:53]} Bxd5 {[%emt 0:02:24]} 28. Rxd5 {[%emt 0:00:02]} Bh4 {[%emt 0:00:08]} 29. Rb1 {[%emt 0:01:19]} Nc4 {[%emt 0:00:13]} 30. g3 {[%emt 0:00:35]} Bd8 {[%emt 0:01:37]} 31. Re1 {[%emt 0:00:37]} Bc7 {[%emt 0:00:13]} 32. f6 {[%emt 0:00:31]} Re8 {[%emt 0:03:16]} 33. Rdd1 {[%emt 0:00:34]} Kf8 {[%emt 0:06:10]} 34. fxg7+ {[%emt 0:00:27]} Kxg7 {[%emt 0:00:05]} 35. Nf2 {[%emt 0:00:32]} Rxe1+ {[%emt 0:04:10]} 36. Rxe1 {[%emt 0:00:01]} Be5 {[%emt 0:00:05]} 37. Kg2 {[%emt 0:00:54]} f6 {[%emt 0:00:11]} 38. Nd3 {[%emt 0:00:33]} Bd4 {[%emt 0:00:38]} 39. Kf3 {[%emt 0:00:31]} Na3 {[%emt 0:00:41]} 40. Re2 {[%emt 0:00:00]} Nb1 {[%emt 0:00:00]} 41. Re6 {[%emt 0:04:32]} c4 {[%emt 0:01:05]} 42. Nb4 {[%emt 0:03:31]} Na3 {[%emt 0:03:40]} 43. Re2 {[%emt 0:02:41]} b5 {[%emt 0:00:33]} 44. axb5 {[%emt 0:02:32]} axb5 {[%emt 0:00:11]} 45. Nd5 {[%emt 0:00:37]} Nb1 {[%emt 0:04:50]} 46. Nc7 {[%emt 0:01:59]} Bb2 {[%emt 0:03:43]} 47. Nxb5 {[%emt 0:00:18]} Nc3 {[%emt 0:00:01]} 48. Nxc3 {[%emt 0:00:19]} Bxc3 {[%emt 0:00:02]} 49. Re4 {[%emt 0:00:13]} 1-0

[Event "POL-chT 2nd League-3 2020"]
[Site "Poronin"]
[Date "2020.09.10"]
[Round "6.6"]
[White "Karykowska, Anna"]
[Black "Mazur, Anna"]
[Result "1-0"]
[WhiteElo "1999"]
[BlackElo "1731"]
[Annotator "TA"]
[PlyCount "107"]
[EventDate "2020.09.05"]
[EventType "team-tourn"]
[EventCountry "POL"]
[SourceTitle "playchess.com"]
[Source "ChessBase"]
[SourceQuality "1"]

{[%evp 15,107,36,121,42,52,45,51,-2,205,89,77,56,158,160,156,164,173,130,149,128,149,147,139,125,135,119,133,107,119,115,142,15,13,13,12,12,31,50,58,49,187,180,199,129,119,118,111,120,125,68,94,96,127,33,146,105,181,78,202,202,208,225,556,552,552,540,504,366,321,0,0,0,0,0,854,779,853,855,1079,1105,1255,1070,1000,1041,1049,1063,1144,927,972,908,1204,1189,1345,1108]} 1. e4 c5 2. Nf3 e6 3. d4 cxd4 4. Nxd4 a6 5. Nc3 Qc7 6. g3 b5 7. Bg2 Bb7 8. O-O Nf6 (8... Nc6 $14) 9. Bg5 {B43: Sicilian: Kan Variation: 5 Nc3.} (9. Re1 $1 $16) 9... Be7 $14 10. Re1 d6 $1 11. Bxf6 (11. a4 $14) 11... gxf6 $2 (11... Bxf6 $11 12. Ncxb5 axb5 13. Nxb5 {[%mdl 64] Double Attack, Discovered Attack} Qb6 14. Nxd6+ Ke7) 12. a4 {[#]} (12. Qh5 $18 {and the rest is easy.} Kf8 13. Bh3) 12... b4 $146 ({Predecessor:} 12... bxa4 13. Rxa4 Nd7 14. Qe2 Nb6 15. Ra3 Nc4 16. Rb3 d5 17. exd5 e5 18. Rxb7 Qxb7 19. Qxc4 {1-0 (32) Gomez Dieguez,A (1801)-Villavicencio Sanchez,P (1623) Salobrena 2012}) 13. Na2 {[%cal Bc3a2,Ba2b4,Bb4d3,Bd3f4][%mdl 32]} Qc5 {[#]} (13... Qb6 $14) 14. Nb3 $1 {[%cal Rb3c5]} Qc7 15. Nxb4 Nd7 {[%cal Bb8d7,Bd7e5,Be5c4,Bc4a5][%mdl 32]} 16. Nd3 Rc8 17. c3 O-O 18. Nd4 Ne5 19. Nf4 Kh8 20. Nh5 Rg8 21. f4 Nc4 22. Qe2 Qb6 23. b3 (23. Kh1 $16) 23... Na5 $11 {Strongly threatening ...e5.} 24. Qe3 Qc5 25. b4 Qxh5 26. Bf3 Qh3 {...Nc4 is the strong threat.} 27. bxa5 Rg7 ({Black should try} 27... Bd8 $14) 28. Rab1 $36 {[%mdl 2048] White is in control.} Ba8 29. Bg2 (29. Qd2 $18) 29... Qh5 $16 30. f5 e5 {[#]} 31. Nb3 $1 {aiming for Qa7.} Rgg8 32. Rec1 (32. Qa7 $16 Rge8 33. Qxa6) 32... Bf8 {Threatening ...Bh6.} 33. Qd3 Qg5 34. Kh1 ({Much worse is} 34. Qxa6 $6 Bxe4 35. Bxe4 (35. Qxc8 Qe3+ 36. Kh1 Bxg2+ 37. Kxg2 Qe2+ 38. Kg1 Qe3+ 39. Kg2 Qe4+ 40. Kf1 Bh6 $11) 35... Qe3+ 36. Kf1 Qxe4 $11) ({Better is} 34. Nd2 $16) 34... Be7 ({Black should play} 34... Bh6 $14) 35. Nd2 Bc6 (35... Rc5 $16 {was necessary.}) 36. Nc4 (36. Rb6 $18) 36... Rcd8 (36... Bxa4 $16 {might work better.} 37. Nb6 (37. Nxd6 Bxd6 38. Qxd6 Bb5 $14) 37... Bb5) 37. Nb6 $18 h5 38. Qc4 Be8 $2 (38... Ba8 {is more resistant.} 39. Rf1 (39. Qxa6 h4 $16) (39. Qxf7 Rg7 $16) 39... h4) 39. Qc7 h4 40. Qxe7 Bc6 41. Qc7 h3 42. Qxc6 $2 (42. Bxh3 $18 Bxe4+ 43. Bg2 Bxb1 44. Rxb1) 42... hxg2+ $11 43. Kxg2 Qd2+ $1 44. Kh1 Rg7 $2 {[%mdl 8192]} (44... Rxg3 $11 45. hxg3 Kg7) 45. Qd5 {White is clearly winning.} Qe2 46. Rg1 Rdg8 47. Rg2 Qf3 48. Qxd6 Qxe4 49. Rf1 Rh7 50. Qxf6+ Rgg7 51. Qd8+ Rg8 52. Qd5 Qe3 53. Nc4 Qh6 54. Nxe5 {Accuracy: White = 53%, Black = 54%.} 1-0

[Event "POL-chT 2nd League-3 2020"]
[Site "Poronin"]
[Date "2020.09.10"]
[Round "6.7"]
[White "Krzywda, Andrzej"]
[Black "Nowicki, Bartosz"]
[Result "1/2-1/2"]
[WhiteElo "2122"]
[BlackElo "2339"]
[Annotator "TA"]
[PlyCount "105"]
[EventDate "2020.09.05"]
[EventType "team-tourn"]
[EventCountry "POL"]
[SourceTitle "playchess.com"]
[Source "ChessBase"]
[SourceQuality "1"]

{[%evp 9,105,32,28,18,20,26,30,27,37,14,50,48,66,38,36,36,59,46,43,42,58,50,68,66,66,68,63,16,18,10,38,0,47,35,64,62,96,93,103,70,77,73,75,73,89,89,95,71,68,57,92,92,90,68,113,114,109,95,104,106,102,65,65,66,66,64,77,70,70,58,110,110,110,111,111,104,112,93,110,105,105,99,103,93,92,0,101,98,105,53,53,3,52,5,43,0,10,16]} 1. d4 f5 2. g3 Nf6 3. Bg2 g6 4. Nh3 d6 5. Nf4 e5 6. dxe5 {A81: Dutch Defence: 2 g3.} dxe5 7. Qxd8+ Kxd8 8. Nd3 {White has an edge.} Bd6 9. Bg5 Ke7 10. Nc3 c6 {[#]} 11. O-O-O $146 ({Predecessor:} 11. e4 Be6 12. exf5 gxf5 13. O-O-O Nbd7 14. Rhe1 Rhg8 15. f4 Bc7 16. Bh3 Kf7 17. Bxf6 Kxf6 18. fxe5+ Nxe5 {1-0 (26) Neuman,P (2355)-Kanewski,J (2185) Bayern 2001}) 11... Nbd7 12. e4 h6 13. Bxf6+ Kxf6 14. f4 Bc7 15. Rhf1 Kg7 16. exf5 gxf5 {next ...e4 is good for Black.} 17. fxe5 Nxe5 18. Rfe1 Nxd3+ 19. Rxd3 {[#] Re7+ is the strong threat.} Kf6 20. Rde3 Rd8 21. Rf1 $36 {[%mdl 2048] White has some pressure.} Kg6 22. Bh3 Bd6 23. Ne2 Rf8 24. Ref3 Be6 25. Nd4 Bd5 26. Rxf5 Be4 27. Rxf8 Rxf8 28. Rxf8 (28. Re1 {feels hotter.} Bd5 29. Be6 Bg2 30. Re2 Bf3 31. Nxf3 Rxf3 32. Bc8) 28... Bxf8 $16 {[%mdl 4096] Endgame KBB-KBN} 29. Kd2 h5 30. Ke3 Bd5 31. b3 Bh6+ 32. Kd3 Kf6 33. c4 Bh1 34. Bc8 c5 35. Nf5 Bf8 36. Ne3 Ke5 37. Bf5 Bh6 {And now ...Bxe3 would win.} 38. Bg6 Bf3 39. Bh7 h4 (39... a6 $14) 40. gxh4 Bf4 {[#]} 41. Nf1 $1 b6 42. Ng3 Bg4 43. Be4 Bh6 44. Bg6 Bf3 45. Bf7 Bg4 46. Bd5 Bf5+ 47. Be4 Bg4 48. Kc3 Be3 49. Bd3 (49. h5 $16) 49... Bg1 $14 50. Nf1 Kf4 51. Nd2 Bxh2 52. Ne4 Ke3 {White must now prevent ...Bd1.} 53. Kc2 {Accuracy: White = 77%, Black = 75%.} 1/2-1/2

[Event "POL-chT 2nd League-3 2020"]
[Site "Poronin"]
[Date "2020.09.10"]
[Round "6.8"]
[White "Parol, Pawel"]
[Black "Chojnacki, Slawomir"]
[Result "1-0"]
[WhiteElo "2114"]
[BlackElo "2206"]
[Annotator "TA"]
[PlyCount "105"]
[EventDate "2020.09.05"]
[EventType "team-tourn"]
[EventCountry "POL"]
[SourceTitle "playchess.com"]
[Source "ChessBase"]
[SourceQuality "1"]

{[%evp 9,105,-43,-41,-49,-37,-77,-68,-68,-58,-69,-32,-22,-25,-12,-17,-60,-8,-31,-16,-67,-9,-18,-9,-9,0,0,0,-35,-35,-37,-30,-43,-24,-33,-27,-25,-12,-21,-17,-22,-29,-35,-28,-30,-26,-26,-26,-27,0,0,0,-4,0,0,0,0,0,-4,-5,-12,0,0,-5,-14,-9,-33,-6,-31,0,-76,-64,-72,-66,-66,-65,-69,-16,-59,-58,-31,-16,-16,-16,-16,-16,-16,-16,-16,0,-6,140,166,156,139,229,218,279,261]} 1. d4 d5 2. Bf4 c5 3. dxc5 Nc6 4. Nf3 f6 5. e3 e5 6. Bg3 {D00: 1 d4 d5: Unusual lines.} Bxc5 7. Be2 Nge7 8. O-O {Black is slightly better.} Be6 9. Nbd2 {[#]} O-O $146 ({Predecessor:} 9... Nf5 10. e4 Nxg3 11. hxg3 Qe7 12. exd5 Bxd5 13. Bc4 Bxc4 14. Nxc4 O-O 15. Re1 Rae8 {½-½ (45) Vecerka,P-Hrubant,I (2190) Prague 1996}) 10. c4 a6 11. cxd5 Nxd5 12. Rc1 {[#]} Qe7 (12... Bxe3 $1 $15 {[%mdl 512]} 13. fxe3 Nxe3 {[%mdl 64] Double Attack}) 13. Bc4 Rfd8 14. Qe2 (14. a3 $11) 14... Bb6 ({Black should try} 14... b5 $15 15. Bd3 Rac8) 15. a3 $11 Na5 16. Ba2 Nc7 17. Bxe6+ Qxe6 18. Nc4 Nxc4 19. Rxc4 Nb5 20. Rfc1 Rd5 21. h3 Rad8 22. R4c2 R5d7 23. Nd2 Nd6 24. Nc4 Nxc4 25. Qxc4 Rd1+ 26. Rxd1 Rxd1+ 27. Kh2 Qxc4 28. Rxc4 {[%mdl 4096] Endgame KRB-KRB} Kf7 29. Rb4 Rd6 30. Kg1 Ke6 31. Kf1 Kd5 32. Ke2 Kc6 33. f3 Ba5 34. Rc4+ Kb5 35. b3 {aiming for a4+.} Rd2+ 36. Kf1 Rb2 37. a4+ Kb6 38. e4 {Hoping for Bf2+.} Ka7 (38... Bd2 {with more complications.} 39. Bf2+ Ka5 40. Rc5+ b5 41. Rc7 Bh6) 39. Bf2+ {[#]} (39. Rc8 $1 $11) 39... Kb8 $1 $17 40. Bc5 $1 b5 41. axb5 $1 axb5 42. Rc1 Kb7 (42... Rxb3 $15 43. Bf8 g6) 43. Bf8 $1 $11 g6 44. Be7 Bb6 45. Bxf6 Rf2+ 46. Ke1 Rxg2 {And now ...Rg1+ would win.} 47. Rd1 Bd4 48. f4 Rg3 {With the idea ...Bc3+.} 49. fxe5 Bc3+ (49... Rg1+ $11 50. Ke2 Rxd1 51. Kxd1 Kc6) 50. Ke2 $16 Rxh3 51. Rd7+ Kc8 (51... Kc6 $16 52. Rd6+ Kb7) 52. Rd5 $18 b4 53. Bg5 {Accuracy: White = 85%, Black = 74%.} 1-0

[Event "POL-chT 2nd League-3 2020"]
[Site "Poronin"]
[Date "2020.09.10"]
[Round "6.9"]
[White "Malecki, Rafal"]
[Black "Parol, Pola"]
[Result "1/2-1/2"]
[WhiteElo "2025"]
[BlackElo "2076"]
[Annotator "TA"]
[PlyCount "61"]
[EventDate "2020.09.05"]
[EventType "team-tourn"]
[EventCountry "POL"]
[SourceTitle "playchess.com"]
[Source "ChessBase"]
[SourceQuality "1"]

{[%evp 15,61,-5,0,0,0,0,12,-6,9,0,0,0,0,0,0,-17,4,-10,-8,-18,-17,-17,-6,-8,-8,-15,-8,-14,-6,-9,0,0,7,1,4,6,7,0,0,-14,0,0,5,7,9,0,2,0]} 1. e4 c5 2. Nf3 Nc6 3. d3 g6 4. g3 Bg7 5. Bg2 Nf6 6. O-O O-O 7. Nbd2 {[%cal Bb1d2,Bd2c4,Bc4e3,Be3d5,Bd5f4][%mdl 32]} d6 8. c3 Nd7 {The position is equal.} 9. a4 {A05: Réti Opening: 1 Nf3 Nf6.} Rb8 10. Nc4 b6 11. Nh4 a6 12. f4 b5 13. axb5 axb5 14. Ne3 {[#]} Bb7 $146 ({Predecessor:} 14... b4 15. Bd2 Bb7 16. Nf3 e6 17. f5 Nde5 18. Nxe5 Nxe5 19. fxg6 fxg6 20. d4 bxc3 21. Bxc3 Rxf1+ 22. Qxf1 cxd4 23. Bxd4 {0-1 (31) Klauner,T (2056)-Filipovic,S (2226) Luxembourg 2014}) 15. f5 Nde5 16. Nd5 e6 17. fxe6 fxe6 18. Rxf8+ Qxf8 19. Nf4 $1 {[%cal Rf4e6]} Bc8 20. Nf3 $1 Nxf3+ 21. Bxf3 b4 22. Bd2 Ne5 23. Be2 bxc3 24. bxc3 Qe7 25. Rb1 Qa7 26. Rxb8 Qxb8 27. Qa4 {[#] And now Qe8+ would win.} Bd7 28. Qa2 Qc8 29. h4 Kf8 30. Kg2 Ke7 31. Qa7 {An uneventful encounter. Accuracy: White = 100%, Black = 100%.} 1/2-1/2

[Event "POL-chT 2nd League-3 2020"]
[Site "Poronin"]
[Date "2020.09.10"]
[Round "6.10"]
[White "Kowalec, Maciej"]
[Black "Bachorczyk, Marcin"]
[Result "1-0"]
[WhiteElo "2092"]
[BlackElo "2074"]
[Annotator "TA"]
[PlyCount "61"]
[EventDate "2020.09.05"]
[EventType "team-tourn"]
[EventCountry "POL"]
[SourceTitle "playchess.com"]
[Source "ChessBase"]
[SourceQuality "1"]

{[%evp 13,61,38,49,39,91,58,86,91,85,87,288,155,147,133,201,224,244,220,254,202,261,204,254,248,255,251,262,277,267,114,110,126,168,168,183,177,181,169,210,208,482,502,504,505,491,492,479,477,700,696]} 1. d4 d6 2. Nf3 Nd7 3. e4 e5 4. Bc4 h6 5. Nc3 Ngf6 6. O-O c6 7. a4 Be7 8. Ba2 {C41: Philidor Defence.} g5 (8... O-O $14) 9. dxe5 dxe5 10. Qe2 {[#] White is better.} Qa5 $146 ({Predecessor:} 10... Bd6 11. Rd1 Qe7 12. Be3 Nc5 13. Nd2 Ne6 14. Nc4 Bc7 15. Qd2 Ng4 16. Nd5 cxd5 17. exd5 {½-½ (44) Alexander,C-Fine,R Washington DC 1944}) 11. Bd2 Nf8 $2 (11... Qc7 $16) 12. Nb5 (12. Nd5 $1 $18 Qd8 13. Nxe5 cxd5 14. exd5) 12... Qd8 $16 13. Nxe5 {[%csl Ge5][%cal Ra2f7]} Ne6 (13... Be6 $16) 14. Nc3 $18 O-O 15. Be3 Bb4 16. Rad1 Qe7 17. f3 Nf4 {[#]} 18. Bxf4 $1 gxf4 19. Ng6 Qc5+ 20. Kh1 Re8 21. Qc4 (21. Nxf4 $18 {and White stays clearly on top. Black must now prevent Nd3.} a5 22. Rfe1) 21... Qxc4 $16 22. Bxc4 Bxc3 23. bxc3 Nh5 24. Rd6 $36 {[%mdl 2048] White has strong initiative.} Kg7 25. Nh4 a6 26. Rfd1 Re5 $2 (26... a5 {might work better.} 27. g4 fxg3 28. hxg3 Be6) 27. Rd8 $18 {White is clearly winning.} b5 28. axb5 axb5 29. Bb3 Nf6 {[#]} 30. Nf5+ $1 {[%mdl 512]} Kg6 (30... Bxf5 $142 31. Rxa8 Bg6) 31. Nd6 {[%mdl 64] Double Attack. Accuracy: White = 64%, Black = 35%.} 1-0